000
00370nam a2200133Ia 4500
008
100328s9999 xx 000 0 und d
082
_b
24479
100
_a
गुप्त विजयकुमार
245
_a
बागी
260
_b
डायमंड पॅाकेट बुक्स
630
_a
बागी
730
_a
बागी
942
_c
BOOK
999
_c
517818
_d
517815